[Event "EU-ch Amateur Online Final 1400/1700"]
[Site "Tornelo INT"]
[Date "2021.04.18"]
[Round "3"]
[White "Kouvaras, Andreas"]
[Black "Kovalenko, Ivan"]
[Result "0-1"]
[WhiteElo "1484"]
[BlackElo "1569"]
[PlyCount "116"]
[EventDate "2021.04.18"]
[EventType "swiss (rapid)"]
[EventRounds "9"]
[EventCountry "NET"]
[SourceTitle "EXT 2023"]
[Source "ChessBase"]
[SourceDate "2022.10.05"]
[SourceVersion "1"]
[SourceVersionDate "2022.10.05"]
[SourceQuality "1"]

1. b3 d5 2. e3 e6 3. Bb2 Nf6 4. Ne2 c5 5. d3 Nc6 6. Nd2 Be7 7. h3 0-0 8. g4 b5 9. a3 a5 10. Bg2 a4 11. 0-0 axb3 12. cxb3 e5 13. Nc3 b4 14. axb4 Rxa1 15. Qxa1 Nxb4 16. g5 Nh5 17. Na4 d4 18. exd4 cxd4 19. Qd1 g6 20. Nc4 Bxg5 21. Nxe5 Bf6 22. Ng4 Bxg4 23. hxg4 Nf4 24. Qd2 Nbxd3 25. Be4 Nxb2 26. Qxf4 Nxa4 27. bxa4 Bg7 28. Bc6 d3 29. Rd1 Kh8 30. Bb5 f5 31. Rxd3 Qb6 32. g5 Qc5 33. Qd6 Qc1+ 34. Kg2 Qxg5+ 35. Kf1 Rc8 36. Rd1 f4 37. Bc6 h5 38. Be4 Bf6 39. Qe6 Rf8 40. Rd5 Qg4 41. Qxg4 hxg4 42. Bxg6 Ra8 43. Bc2 Rc8 44. Rh5+ Kg7 45. Bb3 f3 46. Ke1 Kg6 47. Rb5 Rc1+ 48. Kd2 Rf1 49. Ke3 Bg5+ 50. Ke4 Rxf2 51. Bf7+ Kxf7 52. Rxg5 Rg2 53. Ke3 Kf6 54. Rg8 Ke5 55. Re8+ Kf5 56. a5 Re2+ 57. Kd3 Rxe8 58. a6 Ra8 0-1